| 000 | 00740nam a2200253 a 4500 | ||
|---|---|---|---|
| 008 | |||
| 020 | _a0340652950 (pbk.) | ||
| 049 | _aMAIN | ||
| 090 |
_aTH151 _bTOU |
||
| 100 | 1 | _aTourret, Antoinette. | |
| 245 | 1 | 0 |
_aApplying maths in construction / _cAntoinette Tourret and John Humphreys. |
| 260 |
_aLondon : _bArnold, _c1997. |
||
| 300 |
_aviii, 96 p. : _bill. ; _c25 cm. |
||
| 500 | _aStudent's book. | ||
| 500 | _aIncludes index. | ||
| 650 | 0 |
_aBuilding _xMathematics. |
|
| 650 | 0 |
_aEngineering mathematics _vFormulae. |
|
| 700 | 1 | _aHumphreys, John. | |
| 907 |
_a.b10123957 _b30-03-22 _c01-06-04 |
||
| 003 | |||
| 005 | 20230123134033.0 | ||
| 040 | _cNUST | ||
| 942 |
_cBOOKS _kTH151 _mTOU |
||
| 999 |
_c158924 _d158924 |
||